EU Regulatory Responses to Crises Adaptation or Transformation?

Salvato in:
Dettagli Bibliografici
Altri autori: Fromage, Diane, Héritier, Adrienne, Weismann, Paul
Natura: Libro
Lingua:inglese
Pubblicazione: New York Oxford University Press 2025
Soggetti:
Tags: Aggiungi Tag
Nessun Tag, puoi essere il primo ad aggiungerne!!

MARC

LEADER 00000nam a2200000 4500
001 0313137
005 20251218140649.5
020 |a 9780198913832 
041 0 |a eng 
044 |a US 
245 1 0 |a EU Regulatory Responses to Crises  |b Adaptation or Transformation?  |c Edited by Diane Fromage, Adrienne Héritier, Paul Weismann 
264 1 |a New York  |b Oxford University Press  |c 2025 
300 |a 393 s. 
500 |a ProQuest e-books. 
610 2 0 |a Európska únia 
610 2 0 |a kríza finančná 
610 2 0 |a kríza migračná 
610 2 0 |a kríza pandemická 
610 2 0 |a predpisy právne 
610 2 0 |a legislatíva 
610 2 0 |a politika zahraničná 
610 2 0 |a politika obranná 
610 2 0 |a vojny 
610 2 0 |a regulácia finančná 
610 2 0 |a politika zdravotná 
610 2 0 |a politika energetická 
610 2 0 |a politika migračná 
700 1 |a Fromage, Diane 
700 1 |a Héritier, Adrienne 
700 1 |a Weismann, Paul